Places To Study

There are group study rooms, individual study carrels, computer labs, and other spaces to study in the Libraries.

Reserve A Group Room

Online Resources

Access thousands of eBooks, audiobooks, and online journals from the comfort of your home.

Explore Resources

Events and Workshops

Join our upcoming events and workshops to enhance your skills and knowledge.

View Events

စမ်းကလေးဝါဒဝိနိစ္ဆယ / (Record no. 2738)

MARC details
000 -LEADER
fixed length control field 01091nam a22001937a 4500
003 - CONTROL NUMBER IDENTIFIER
control field OSt
005 - DATE AND TIME OF LATEST TRANSACTION
control field 20251216154808.0
008 - FIXED-LENGTH DATA ELEMENTS--GENERAL INFORMATION
fixed length control field 251216b |||||||| |||| 00| 0 eng d
040 ## - CATALOGING SOURCE
Transcribing agency DCL
082 ## - DEWEY DECIMAL CLASSIFICATION NUMBER
Classification number ၂၉၄.၃၈၄
110 ## - MAIN ENTRY--CORPORATE NAME
Corporate name or jurisdiction name as entry element နိုင်ငံတော်သီးခြားဝိနည်းဓိုရ်အဖွဲ့အမှတ်(၁၁)
245 10 - TITLE STATEMENT
Title စမ်းကလေးဝါဒဝိနိစ္ဆယ /
Statement of responsibility, etc. နိုင်ငံတော်သီးခြားဝိနည်းဓိုရ်အဖွဲ့အမှတ် (၁၁)။
264 ## - PRODUCTION, PUBLICATION, DISTRIBUTION, MANUFACTURE, AND COPYRIGHT NOTICE
Place of production, publication, distribution, manufacture ရန်ကုန် ၊
Name of producer, publisher, distributor, manufacturer သာသနာရေးဦးစီးဌာန၊
Date of production, publication, distribution, manufacture, or copyright notice ၂၀၁၃။
300 ## - PHYSICAL DESCRIPTION
Extent ဏ၊ ၅၁၇ စာမျက်နှာ ၊
Dimensions ၂၄ စင်တီ။
504 ## - BIBLIOGRAPHY, ETC. NOTE
Bibliography, etc. note ကျမ်းကိုးစာရင်းပါဝင်သည်။
650 ## - SUBJECT ADDED ENTRY--TOPICAL TERM
Topical term or geographic name entry element ဗုဒ္ဓဘာသာ
General subdivision ဝိနည်း
650 ## - SUBJECT ADDED ENTRY--TOPICAL TERM
Topical term or geographic name entry element ဗုဒ္ဓဘာသာ
General subdivision ဥပဒေနှင့်ဥပဒေပြုခြင်း။
942 ## - ADDED ENTRY ELEMENTS (KOHA)
Source of classification or shelving scheme Dewey Decimal Classification
Koha item type Short Term
Suppress in OPAC No
Holdings
Withdrawn status Lost status Source of classification or shelving scheme Damaged status Not for loan Collection Accession No. Home library Current library Shelving location Date acquired Total checkouts Full call number Barcode Date last seen Price effective from Koha item type
    Dewey Decimal Classification     Myanmar Collection ၆၀၈ Dhammadhara Dhammadhara Myanmar Shelves 16/12/2025   ၂၉၄.၃၈၄ နိုင် ၆၀၈ MB00000608 16/12/2025 16/12/2025 Short Term